[Event "HUN-chT2 Szechenyi 0304"]
[Site "Hungary"]
[Date "2004.04.18"]
[Round "11"]
[White "Hagymasi, Janos"]
[Black "Tamas, Norbert"]
[Result "0-1"]
[WhiteElo "2149"]
[BlackElo "2222"]
[PlyCount "116"]
[EventDate "2003.09.28"]
[EventType "team"]
[EventRounds "11"]
[EventCountry "HUN"]
[SourceTitle "EXT 2009"]
[Source "ChessBase"]
[SourceDate "2008.11.26"]
[SourceVersion "1"]
[SourceVersionDate "2008.11.26"]
[SourceQuality "1"]
[WhiteTeam "Veszprem"]
[BlackTeam "Nagykanizsa II"]
[WhiteTeamCountry "HUN"]
[BlackTeamCountry "HUN"]

1. e4 c5 2. Nf3 d6 3. d4 Nf6 4. Nc3 cxd4 5. Nxd4 Nc6 6. Be2 e6 7. Be3 Be7 8. 0-0 0-0 9. f4 a6 10. Kh1 Qc7 11. a4 Bd7 12. Nb3 Na5 13. Nxa5 Qxa5 14. Bf3 Bc6 15. Qd2 Qb4 16. e5 dxe5 17. fxe5 Ng4 18. Nd5 Bxd5 19. Qxb4 Bxb4 20. Bxg4 Rac8 21. c3 Bc5 22. Rae1 Rfd8 23. Bg5 Rd7 24. Bf3 h6 25. Bc1 Bc4 26. Be2 Bb6 27. Bxc4 Rxc4 28. Rf4 Rxf4 29. Bxf4 g5 30. Bc1 Kg7 31. g3 Rd5 32. Kg2 Bc7 33. h4 Kg6 34. hxg5 hxg5 35. Kh3 Rxe5 36. Rd1 Rd5 37. Rxd5 exd5 38. Kg4 f5+ 39. Kf3 Bb6 40. g4 Bc5 41. Bd2 b5 42. axb5 axb5 43. Bc1 Kf6 44. Bd2 Be7 45. Be3 fxg4+ 46. Kxg4 Ke5 47. Kf3 Kf5 48. Bd4 Bf6 49. Bf2 Be5 50. Bg1 Bf4 51. Bc5 Bc1 52. b3 g4+ 53. Ke2 Ke4 54. Bf2 Bf4 55. Bg1 g3 56. Bc5 Be5 57. Bb4 d4 58. cxd4 Bxd4 0-1

[Event "HUN-chT2 Charousek 0001"]
[Site "Hungary"]
[Date "2001.03.04"]
[Round "8"]
[White "Tamas, Norbert"]
[Black "Glatt, Gabor"]
[Result "1/2-1/2"]
[WhiteElo "2241"]
[BlackElo "2273"]
[PlyCount "27"]
[EventDate "2000.11.26"]
[EventType "team"]
[EventRounds "11"]
[EventCountry "HUN"]
[SourceTitle "EXT 2007"]
[Source "ChessBase"]
[SourceDate "2006.11.23"]
[SourceVersion "1"]
[SourceVersionDate "2006.11.23"]
[SourceQuality "1"]
[WhiteTeam "Nagykanizsa"]
[BlackTeam "Statisztika II"]
[WhiteTeamCountry "HUN"]
[BlackTeamCountry "HUN"]

1. e4 e5 2. Bc4 d6 3. Nc3 Nf6 4. Nge2 Be7 5. d4 c6 6. dxe5 dxe5 7. Qxd8+ Bxd8 8. a4 0-0 9. f3 Nbd7 10. a5 Be7 11. Be3 Bc5 12. Kf2 Bxe3+ 13. Kxe3 Nc5 14. Rhd1 1/2-1/2

[Event "HUN-chT3 9900"]
[Site "Hungary"]
[Date "2000.02.27"]
[Round "8"]
[White "Tamas, Norbert"]
[Black "Rosta, Sandor"]
[Result "0-1"]
[WhiteElo "2253"]
[BlackElo "2210"]
[PlyCount "72"]
[EventDate "1999.09.26"]
[EventType "team"]
[EventRounds "11"]
[EventCountry "HUN"]
[SourceTitle "EXT 2002"]
[Source "ChessBase"]
[SourceDate "2001.11.25"]
[SourceVersion "1"]
[SourceVersionDate "2001.11.25"]
[SourceQuality "1"]

1. e4 e6 2. d4 d5 3. Nc3 Nf6 4. Bg5 dxe4 5. Nxe4 Be7 6. Ng3 Nbd7 7. Nf3 0-0 8. Bc4 b6 9. 0-0 Bb7 10. Qe2 h6 11. Bd2 Bd6 12. Rad1 Re8 13. Ne5 c5 14. Nh5 cxd4 15. Nxd7 Nxh5 16. Qxh5 Qxd7 17. Qg4 h5 18. Qh3 Qc6 19. b3 e5 20. f3 g6 21. Qg3 Bf8 22. Bc1 Bg7 23. Rde1 b5 24. Bd3 f5 25. Qg5 a6 26. a4 bxa4 27. Bc4+ Kh7 28. g4 fxg4 29. Bd3 gxf3 30. Rxf3 Rf8 31. Be4 Qxe4 32. Rxe4 Bxe4 33. Rg3 Bxc2 34. bxa4 Rf7 35. Ba3 Re8 36. Rg2 Bf5 0-1

[Event "Cseppko op 07th"]
[Site "Aggtelek"]
[Date "1998.??.??"]
[Round "?"]
[White "Hegedus, Gyula"]
[Black "Tamas, Norbert"]
[Result "0-1"]
[WhiteElo "2095"]
[BlackElo "2245"]
[PlyCount "80"]
[EventDate "1998.??.??"]
[EventType "swiss"]
[EventRounds "9"]
[EventCountry "HUN"]
[SourceTitle "EXT 2002"]
[Source "ChessBase"]
[SourceDate "2001.11.25"]
[SourceVersion "1"]
[SourceVersionDate "2001.11.25"]
[SourceQuality "1"]

1. d4 Nf6 2. Bg5 e6 3. e4 h6 4. Bxf6 Qxf6 5. Nf3 d6 6. Nc3 c6 7. e5 Qd8 8. Bd3 Nd7 9. Qe2 Qa5 10. 0-0 d5 11. a3 c5 12. dxc5 Qxc5 13. Nb5 a6 14. Nbd4 b5 15. c3 Nb6 16. Ne1 Bd7 17. f4 g6 18. Kh1 h5 19. Nef3 Nc4 20. Ng5 Be7 21. Rf3 Qc7 22. Nh3 Rc8 23. Qc2 Rg8 24. Rg1 Bc5 25. g4 Nxa3 26. Qf2 hxg4 27. Rxg4 Nc4 28. Qh4 Be7 29. Qh7 Rf8 30. Bxg6 fxg6 31. Rxg6 Nxe5 32. Rg7 Nxf3 33. Rxe7+ Kd8 34. Nxf3 Qd6 35. Rg7 Rc7 36. Nhg5 Qxf4 37. Rxd7+ Rxd7 38. Qh6 Qc1+ 39. Kg2 Qxb2+ 40. Kg3 Rxf3+ 0-1

[Event "Cseppko op 07th"]
[Site "Aggtelek"]
[Date "1998.??.??"]
[Round "?"]
[White "Nagy, Zoltan"]
[Black "Tamas, Norbert"]
[Result "1/2-1/2"]
[WhiteElo "2245"]
[BlackElo "2245"]
[PlyCount "21"]
[EventDate "1998.??.??"]
[EventType "swiss"]
[EventRounds "9"]
[EventCountry "HUN"]
[SourceTitle "EXT 2002"]
[Source "ChessBase"]
[SourceDate "2001.11.25"]
[SourceVersion "1"]
[SourceVersionDate "2001.11.25"]
[SourceQuality "1"]

1. d4 Nf6 2. Nf3 e6 3. Bg5 h6 4. Bf4 b6 5. g3 Bb7 6. Bg2 Be7 7. c4 c5 8. dxc5 Bxc5 9. 0-0 0-0 10. Nc3 Qe7 11. Na4 1/2-1/2

[Event "Cseppko op 07th"]
[Site "Aggtelek"]
[Date "1998.??.??"]
[Round "?"]
[White "Tamas, Norbert"]
[Black "Gal, Jozsef Istvan"]
[Result "0-1"]
[WhiteElo "2245"]
[BlackElo "2325"]
[PlyCount "76"]
[EventDate "1998.??.??"]
[EventType "swiss"]
[EventRounds "9"]
[EventCountry "HUN"]
[SourceTitle "EXT 2002"]
[Source "ChessBase"]
[SourceDate "2001.11.25"]
[SourceVersion "1"]
[SourceVersionDate "2001.11.25"]
[SourceQuality "1"]

1. e4 c5 2. c3 Qa5 3. Nf3 Nc6 4. Be2 Nf6 5. d3 d6 6. 0-0 e5 7. Re1 Be7 8. Na3 0-0 9. Bg5 h6 10. Bh4 Re8 11. Nc4 Qc7 12. Qc2 Be6 13. Rad1 Rac8 14. Qb1 d5 15. exd5 Nxd5 16. Bxe7 Rxe7 17. d4 cxd4 18. cxd4 exd4 19. Nxd4 Nxd4 20. Rxd4 b5 21. Nd2 Qb6 22. Nf3 Nf6 23. Bd3 Bxa2 24. Qd1 Rxe1+ 25. Qxe1 a6 26. h3 Bd5 27. Rf4 Qc7 28. Qb4 Qc1+ 29. Kh2 Qc7 30. g3 Qc5 31. Qxc5 Rxc5 32. Nh4 Rc1 33. Ng2 Rd1 34. Rd4 g6 35. g4 Bc4 36. Nf4 Kg7 37. b3 Bxb3 38. Rb4 Bd5 0-1

[Event "HUN-chT 9798"]
[Site "Hungary"]
[Date "1998.??.??"]
[Round "?"]
[White "Turzo, Attila"]
[Black "Tamas, Norbert"]
[Result "0-1"]
[WhiteElo "2370"]
[BlackElo "2150"]
[PlyCount "120"]
[EventDate "1997.??.??"]
[EventType "team"]
[EventRounds "12"]
[EventCountry "HUN"]
[SourceTitle "EXT 2000"]
[Source "ChessBase"]
[SourceDate "1999.11.16"]
[SourceVersion "1"]
[SourceVersionDate "1999.11.16"]
[SourceQuality "1"]

1. e4 c5 2. Nf3 d6 3. d4 cxd4 4. Nxd4 Nf6 5. Nc3 a6 6. Be3 Ng4 7. Bg5 h6 8. Bh4 g5 9. Bg3 Bg7 10. Bc4 Ne5 11. Bb3 Bd7 12. f3 Nbc6 13. Nxc6 Nxc6 14. Bf2 Qa5 15. Qd2 Be5 16. 0-0 h5 17. Rad1 h4 18. Nd5 Qxd2 19. Rxd2 Rc8 20. Nb6 Rc7 21. Nxd7 Rxd7 22. c3 Bf4 23. Re2 Rd8 24. g3 Be5 25. Bb6 hxg3 26. hxg3 Rc8 27. f4 gxf4 28. gxf4 Bf6 29. Rf3 e6 30. Rh2 Ke7 31. Rxh8 Rxh8 32. Bc4 Nb8 33. Bf1 Nd7 34. Bf2 Rc8 35. Bg3 Nc5 36. Re3 Na4 37. Re2 Rc5 38. Rd2 Rc8 39. Be2 Rg8 40. Kf2 Bg7 41. Bh4+ f6 42. f5 Bh6 43. Rd4 b5 44. fxe6 Nxb2 45. Bg3 Be3+ 46. Kxe3 Rxg3+ 47. Kf4 Rxc3 48. Rd2 Nc4 49. Bxc4 Rxc4 50. Rh2 Kxe6 51. Ke3 d5 52. exd5+ Kxd5 53. Rh5+ Ke6 54. Kd3 Ra4 55. Rh2 Ke5 56. Kc3 f5 57. Kb3 Ke4 58. Re2+ Kd3 59. Re6 f4 60. Rf6 Ke3 0-1

[Event "Cseppko op 06th"]
[Site "Aggtelek"]
[Date "1997.??.??"]
[Round "5"]
[White "Dede, Erno"]
[Black "Tamas, Norbert"]
[Result "0-1"]
[WhiteElo "2225"]
[BlackElo "2150"]
[PlyCount "76"]
[EventDate "1997.06.30"]
[EventType "swiss"]
[EventRounds "9"]
[EventCountry "HUN"]
[SourceTitle "CBM 058 Extra"]
[Source "ChessBase"]
[SourceDate "1997.07.29"]
[SourceVersion "1"]
[SourceVersionDate "1997.07.29"]
[SourceQuality "1"]

1. d4 Nf6 2. Nf3 c5 3. d5 d6 4. c4 g6 5. Nc3 Bg7 6. g3 0-0 7. Bg2 e6 8. 0-0 exd5 9. cxd5 Re8 10. Bf4 a6 11. a4 Qe7 12. e4 Bg4 13. h3 Bxf3 14. Bxf3 Nbd7 15. Re1 Ne5 16. Bg2 Nh5 17. Bxe5 Bxe5 18. f4 Bd4+ 19. Kh2 Bf2 20. g4 Bxe1 21. gxh5 Bxc3 22. bxc3 Qf6 23. Qd2 b5 24. hxg6 hxg6 25. axb5 axb5 26. Rb1 Ra5 27. Rf1 Rea8 28. Qe3 Ra2 29. e5 dxe5 30. Qxe5 Qxe5 31. fxe5 Re2 32. d6 Raa2 33. Rg1 Kf8 34. Kg3 Rxg2+ 35. Rxg2 Rxg2+ 36. Kxg2 b4 37. d7 Ke7 38. d8N Kxd8 0-1

[Event "HUN-ch U20"]
[Site "Paks"]
[Date "1997.??.??"]
[Round "4"]
[White "Mede, Istvan"]
[Black "Tamas, Norbert"]
[Result "1/2-1/2"]
[WhiteElo "2175"]
[BlackElo "2150"]
[PlyCount "66"]
[EventDate "1997.??.??"]
[EventType "tourn"]
[EventRounds "9"]
[EventCountry "HUN"]
[SourceTitle "EXT 2004"]
[Source "ChessBase"]
[SourceDate "2003.11.25"]
[SourceVersion "1"]
[SourceVersionDate "2003.11.25"]
[SourceQuality "1"]

1. e4 c5 2. d4 cxd4 3. c3 dxc3 4. Nxc3 a6 5. Bc4 e6 6. Nf3 b5 7. Bd3 Bb7 8. 0-0 d6 9. Qe2 Nd7 10. Rd1 Ngf6 11. Bf4 Qb8 12. a4 b4 13. Na2 b3 14. Nc3 Be7 15. Nd2 Nc5 16. Bc4 Bc6 17. e5 Nfd7 18. exd6 Bf6 19. Nde4 Nxe4 20. Nxe4 0-0 21. Nxf6+ Nxf6 22. Be5 Qb7 23. Bxf6 gxf6 24. Rd3 Kh8 25. Rxb3 Qd7 26. Qd2 Rg8 27. Rg3 Rxg3 28. hxg3 Bxg2 29. Qf4 Bb7 30. Qxf6+ Kg8 31. Qg5+ Kh8 32. Qf6+ Kg8 33. Qg5+ Kh8 1/2-1/2

[Event "HUN-chT 9697"]
[Site "Hungary"]
[Date "1997.??.??"]
[Round "14"]
[White "Szekeres, Tibor"]
[Black "Tamas, Norbert"]
[Result "1/2-1/2"]
[WhiteElo "2255"]
[BlackElo "2155"]
[PlyCount "62"]
[EventDate "1996.??.??"]
[EventType "team"]
[EventRounds "12"]
[EventCountry "HUN"]
[SourceTitle "EXT 2006"]
[Source "ChessBase"]
[SourceDate "2005.11.24"]
[SourceVersion "1"]
[SourceVersionDate "2005.11.24"]
[SourceQuality "1"]
[WhiteTeam "Vasas"]
[BlackTeam "Nagykanizsa"]
[WhiteTeamCountry "HUN"]
[BlackTeamCountry "HUN"]

1. d4 Nf6 2. c4 e6 3. Nf3 c5 4. g3 cxd4 5. Nxd4 a6 6. Bg2 Be7 7. Nc3 Qc7 8. Qa4 Nc6 9. Nxc6 dxc6 10. 0-0 Bd7 11. b4 c5 12. b5 0-0 13. Qb3 axb5 14. Nxb5 Qb6 15. Bb2 Bc6 16. Nc3 Qc7 17. e4 Rfd8 18. Rfd1 Ng4 19. a4 Bf6 20. h3 Ne5 21. Nb5 Bxb5 22. axb5 Rxa1 23. Rxa1 Nd3 24. e5 Bxe5 25. Bxe5 Qxe5 26. Rd1 Qe2 27. Bf1 Qxf2+ 28. Kh1 Qf3+ 29. Kh2 Qf2+ 30. Kh1 Qf3+ 31. Kh2 Qf2+ 1/2-1/2

[Event "HUN-ch U20"]
[Site "Paks"]
[Date "1997.??.??"]
[Round "6"]
[White "Szuk, Balazs"]
[Black "Tamas, Norbert"]
[Result "1-0"]
[WhiteElo "2340"]
[BlackElo "2150"]
[PlyCount "57"]
[EventDate "1997.??.??"]
[EventType "tourn"]
[EventRounds "9"]
[EventCountry "HUN"]
[SourceTitle "EXT 2004"]
[Source "ChessBase"]
[SourceDate "2003.11.25"]
[SourceVersion "1"]
[SourceVersionDate "2003.11.25"]
[SourceQuality "1"]

1. e4 c5 2. Nf3 d6 3. d4 Nf6 4. Nc3 cxd4 5. Nxd4 Nc6 6. Bc4 Qb6 7. Nb3 e6 8. 0-0 a6 9. a4 Qc7 10. a5 Ne5 11. Be2 Be7 12. f4 Nc4 13. Qd4 b5 14. axb6 Nxb6 15. Be3 Nbd7 16. Rfd1 e5 17. Qc4 Qxc4 18. Bxc4 Bb7 19. Na5 Bc8 20. Be2 exf4 21. Bxf4 Ne5 22. Nc4 Nxc4 23. Bxc4 Bb7 24. Bxd6 Nxe4 25. Bxe7 Nxc3 26. Re1 Ne4 27. Bb4 f5 28. Ra5 g6 29. Rd1 1-0

[Event "Cseppko op 06th"]
[Site "Aggtelek"]
[Date "1997.??.??"]
[Round "6"]
[White "Tamas, Norbert"]
[Black "Bai, Attila"]
[Result "1/2-1/2"]
[WhiteElo "2150"]
[BlackElo "2270"]
[PlyCount "33"]
[EventDate "1997.06.30"]
[EventType "swiss"]
[EventRounds "9"]
[EventCountry "HUN"]
[SourceTitle "CBM 058 Extra"]
[Source "ChessBase"]
[SourceDate "1997.07.29"]
[SourceVersion "1"]
[SourceVersionDate "1997.07.29"]
[SourceQuality "1"]

1. e4 c5 2. c3 d5 3. exd5 Qxd5 4. d4 Nf6 5. Nf3 e6 6. Be3 Be7 7. Bd3 0-0 8. 0-0 Nc6 9. Qe2 b6 10. Rd1 Qh5 11. Nbd2 cxd4 12. Nxd4 Qxe2 13. Bxe2 Nxd4 14. Bxd4 Bb7 15. Bf3 Bxf3 16. Nxf3 Rfd8 17. Be5 1/2-1/2

[Event "HUN-chT 9697"]
[Site "Hungary"]
[Date "1997.??.??"]
[Round "7"]
[White "Tamas, Norbert"]
[Black "Forgo, Eva"]
[Result "0-1"]
[WhiteElo "2155"]
[BlackElo "2290"]
[PlyCount "54"]
[EventDate "1996.??.??"]
[EventType "team"]
[EventRounds "12"]
[EventCountry "HUN"]
[SourceTitle "EXT 2006"]
[Source "ChessBase"]
[SourceDate "2005.11.24"]
[SourceVersion "1"]
[SourceVersionDate "2005.11.24"]
[SourceQuality "1"]
[WhiteTeam "Nagykanizsa"]
[BlackTeam "Csuti"]
[WhiteTeamCountry "HUN"]
[BlackTeamCountry "HUN"]

1. e4 e5 2. Bc4 Nc6 3. Nc3 Nf6 4. d3 Bc5 5. Bg5 h6 6. Be3 Bb6 7. Bxb6 axb6 8. a3 d6 9. Nge2 Be6 10. 0-0 0-0 11. Qd2 d5 12. exd5 Nxd5 13. Nxd5 Bxd5 14. Bxd5 Qxd5 15. Nc3 Qd4 16. Nb5 Qd7 17. f4 e4 18. Qc3 Ra5 19. a4 exd3 20. Rfd1 Qf5 21. Rxd3 Qxf4 22. Rd7 Rxa4 23. Rxa4 Qxa4 24. Nxc7 Ne5 25. Re7 Ng6 26. Re1 Rc8 27. Qg3 Qd7 0-1

[Event "HUN-chT 9697"]
[Site "Hungary"]
[Date "1997.??.??"]
[Round "10"]
[White "Tamas, Norbert"]
[Black "Horvath, Zoltan"]
[Result "1-0"]
[WhiteElo "2155"]
[BlackElo "2360"]
[PlyCount "55"]
[EventDate "1996.??.??"]
[EventType "team"]
[EventRounds "12"]
[EventCountry "HUN"]
[SourceTitle "EXT 2006"]
[Source "ChessBase"]
[SourceDate "2005.11.24"]
[SourceVersion "1"]
[SourceVersionDate "2005.11.24"]
[SourceQuality "1"]
[WhiteTeam "Nagykanizsa"]
[BlackTeam "Honved"]
[WhiteTeamCountry "HUN"]
[BlackTeamCountry "HUN"]

1. e4 c5 2. c3 Nf6 3. e5 Nd5 4. d4 cxd4 5. cxd4 d6 6. Nf3 Nc6 7. exd6 Qxd6 8. Nc3 g6 9. Bc4 Nb6 10. Be2 a6 11. Be3 Bg7 12. 0-0 Be6 13. Ne4 Qb8 14. Nc5 Bd5 15. Qd2 0-0 16. Rfd1 Rd8 17. Qc3 e5 18. Qa3 Bxf3 19. Bxf3 exd4 20. Bg5 Nc4 21. Qb3 N6a5 22. Qb4 Rc8 23. Nd7 Qc7 24. Nf6+ Kh8 25. Rxd4 Ne5 26. Rh4 Nxf3+ 27. gxf3 h6 28. Rxh6+ 1-0

[Event "HUN-chT 9798"]
[Site "Hungary"]
[Date "1997.??.??"]
[Round "?"]
[White "Tamas, Norbert"]
[Black "Kozma, Karoly"]
[Result "1/2-1/2"]
[WhiteElo "2150"]
[BlackElo "2295"]
[PlyCount "73"]
[EventDate "1997.??.??"]
[EventType "team"]
[EventRounds "12"]
[EventCountry "HUN"]
[SourceTitle "EXT 2000"]
[Source "ChessBase"]
[SourceDate "1999.11.16"]
[SourceVersion "1"]
[SourceVersionDate "1999.11.16"]
[SourceQuality "1"]

1. e4 c5 2. c3 e6 3. d4 d5 4. exd5 exd5 5. Nf3 Nc6 6. Be3 c4 7. b3 cxb3 8. axb3 Bd6 9. h3 Nge7 10. Bd3 Bf5 11. Nh4 Bxd3 12. Qxd3 Qd7 13. 0-0 0-0 14. Nd2 a6 15. f4 Ng6 16. Nf5 Bc7 17. Rf2 Rfe8 18. Nf1 Re4 19. N1g3 Rae8 20. Qd2 Nce7 21. Nxg7 Kxg7 22. Nh5+ Kh8 23. Nf6 Qc8 24. g4 Ng8 25. Nxe4 Rxe4 26. f5 Nf8 27. Bh6 f6 28. Rff1 Bg3 29. Rf3 Bh4 30. Bf4 Nd7 31. Raf1 b5 32. Re3 Rxf4 33. Rxf4 Bg5 34. Rff3 a5 35. Qe2 Bxe3+ 36. Rxe3 Qc6 37. Qe1 1/2-1/2

[Event "HUN-ch U20"]
[Site "Paks"]
[Date "1997.??.??"]
[Round "8"]
[White "Tamas, Norbert"]
[Black "Schlusnik, Nandor"]
[Result "1/2-1/2"]
[WhiteElo "2150"]
[BlackElo "2225"]
[PlyCount "137"]
[EventDate "1997.??.??"]
[EventType "tourn"]
[EventRounds "9"]
[EventCountry "HUN"]
[SourceTitle "EXT 2004"]
[Source "ChessBase"]
[SourceDate "2003.11.25"]
[SourceVersion "1"]
[SourceVersionDate "2003.11.25"]
[SourceQuality "1"]

1. e4 c5 2. c3 d5 3. exd5 Qxd5 4. d4 Nc6 5. Nf3 Nf6 6. Be3 e6 7. Bd3 Be7 8. 0-0 0-0 9. Qe2 b6 10. Nbd2 cxd4 11. Nxd4 Bb7 12. f3 Rad8 13. Ne4 Ne5 14. Bc2 Qc4 15. Nxf6+ Bxf6 16. Qf2 Nd3 17. Bxd3 Qxd3 18. Rfd1 Qc4 19. Nb3 Rd5 20. Qf1 Qa4 21. Rxd5 Bxd5 22. Qd1 Rd8 23. Nd4 Qxd1+ 24. Rxd1 Bxf3 25. gxf3 e5 26. Rc1 exd4 27. Bxd4 Bxd4+ 28. cxd4 Kf8 29. Rc7 Rxd4 30. Rxa7 Rd1+ 31. Kg2 Rd2+ 32. Kg3 Rxb2 33. a4 g6 34. a5 bxa5 35. Rxa5 Kg7 36. Rc5 Rb7 37. h4 Kh6 38. Ra5 f5 39. Ra4 Kh5 40. Rc4 Rb3 41. Ra4 h6 42. Rc4 g5 43. hxg5 hxg5 44. Rc2 g4 45. Rf2 Kg5 46. Kg2 f4 47. fxg4 Kxg4 48. Ra2 Rg3+ 49. Kh2 Rh3+ 50. Kg1 Kg3 51. Ra8 Rh5 52. Rg8+ Kf3 53. Ra8 Re5 54. Kf1 Re3 55. Rh8 Re4 56. Rh3+ Kg4 57. Ra3 Rb4 58. Kf2 Rb2+ 59. Kf1 Rd2 60. Rb3 Ra2 61. Rc3 Kf5 62. Rb3 Ra5 63. Rc3 Rd5 64. Ra3 Rd1+ 65. Kf2 Kg4 66. Rb3 Rd2+ 67. Kf1 Rd8 68. Kf2 Ra8 69. Rc3 1/2-1/2

[Event "HUN-ch U18"]
[Site "Paks"]
[Date "1996.??.??"]
[Round "6"]
[White "Benedek, Zoltan"]
[Black "Tamas, Norbert"]
[Result "0-1"]
[WhiteElo "2125"]
[BlackElo "2155"]
[PlyCount "68"]
[EventDate "1996.??.??"]
[EventType "tourn"]
[EventRounds "9"]
[EventCountry "HUN"]
[SourceTitle "EXT 2001"]
[Source "ChessBase"]
[SourceDate "2000.11.22"]
[SourceVersion "1"]
[SourceVersionDate "2000.11.22"]
[SourceQuality "1"]

1. d4 Nf6 2. c4 e6 3. Nf3 c5 4. d5 exd5 5. cxd5 d6 6. Nc3 g6 7. Bf4 a6 8. a4 Qc7 9. e4 Nbd7 10. Nd2 Nh5 11. Be3 Bg7 12. Be2 Nhf6 13. f4 0-0 14. 0-0 Re8 15. Bf2 Rb8 16. g4 h6 17. h4 Nf8 18. g5 N6h7 19. Bg3 Qd7 20. Rf3 Bd4+ 21. Bf2 Qg4+ 22. Kf1 Bxf2 23. Rxf2 Qxh4 24. Ke1 hxg5 25. fxg5 Nxg5 26. Nf3 Qg3 27. Nxg5 Qg1+ 28. Bf1 Qxg5 29. Qf3 Re7 30. Rg2 Qh4+ 31. Kd2 Nd7 32. Be2 Ne5 33. Qe3 Bg4 34. Bxg4 Nc4+ 0-1

[Event "HUN-ch U18"]
[Site "Paks"]
[Date "1996.??.??"]
[Round "4"]
[White "Biro, Peter"]
[Black "Tamas, Norbert"]
[Result "1-0"]
[WhiteElo "2175"]
[BlackElo "2155"]
[PlyCount "57"]
[EventDate "1996.??.??"]
[EventType "tourn"]
[EventRounds "9"]
[EventCountry "HUN"]
[SourceTitle "EXT 2001"]
[Source "ChessBase"]
[SourceDate "2000.11.22"]
[SourceVersion "1"]
[SourceVersionDate "2000.11.22"]
[SourceQuality "1"]

1. d4 Nf6 2. c4 e6 3. Nc3 c5 4. d5 exd5 5. cxd5 d6 6. e4 g6 7. f4 Bg7 8. Nf3 0-0 9. Be2 Re8 10. Qc2 a6 11. a4 Nbd7 12. 0-0 Qc7 13. h3 Rb8 14. g4 c4 15. Be3 Nc5 16. e5 Nfd7 17. Bxc4 dxe5 18. fxe5 Nxe5 19. d6 Qxd6 20. Nxe5 Rxe5 21. Rad1 Qc7 22. Rxf7 Nd7 23. Nd5 Rxd5 24. Bxd5 Qxc2 25. Rf2+ Kh8 26. Rxc2 Nf6 27. Bb3 Bd7 28. Rcd2 Be8 29. Rd8 1-0

[Event "HUN-ch U18"]
[Site "Paks"]
[Date "1996.??.??"]
[Round "8"]
[White "Csonka, Attila Istvan"]
[Black "Tamas, Norbert"]
[Result "0-1"]
[WhiteElo "2035"]
[BlackElo "2155"]
[PlyCount "108"]
[EventDate "1996.??.??"]
[EventType "tourn"]
[EventRounds "9"]
[EventCountry "HUN"]
[SourceTitle "EXT 2001"]
[Source "ChessBase"]
[SourceDate "2000.11.22"]
[SourceVersion "1"]
[SourceVersionDate "2000.11.22"]
[SourceQuality "1"]

1. e4 c5 2. Nf3 d6 3. d4 Nf6 4. Nc3 cxd4 5. Nxd4 Nc6 6. Bc4 Qb6 7. Nde2 e6 8. 0-0 a6 9. Bb3 Be7 10. Bg5 Qc7 11. Ng3 0-0 12. Nh5 Nxh5 13. Bxe7 Nxe7 14. Qxh5 b5 15. Kh1 Bb7 16. a3 Qc5 17. Qg4 d5 18. exd5 Nxd5 19. Ne4 Qe7 20. Qg3 Rfd8 21. Rae1 Nf6 22. Ng5 Bd5 23. Bxd5 Rxd5 24. f4 Qc5 25. Qf2 Qc4 26. h3 Rad8 27. Qa7 R8d7 28. Qa8+ Rd8 29. Qa7 R8d7 30. Qa8+ Rd8 31. Qa7 R5d7 32. Qxa6 h6 33. Nf3 Nh5 34. Kg1 Qc5+ 35. Kh2 Qxc2 36. Qxb5 Nxf4 37. Rg1 Rd5 38. Qb6 Kh7 39. Qb4 Nd3 40. Qe4+ f5 41. Qxe6 Qc7+ 42. g3 Nxe1 43. Rxe1 R8d6 44. Qe8 Rd3 45. Qe2 Qb7 46. Rf1 Qb3 47. Kg2 Re6 48. Qf2 Ree3 49. Ng1 Rxg3+ 50. Kh2 Qb8 51. Qxf5+ Rg6+ 52. Kh1 Qxb2 53. Rf2 Qxa3 54. Nf3 Qc1+ 0-1

[Event "HUN-chT 9596"]
[Site "Hungary"]
[Date "1996.??.??"]
[Round "8"]
[White "Kovacs, J."]
[Black "Tamas, Norbert"]
[Result "1-0"]
[WhiteElo "2250"]
[BlackElo "2195"]
[PlyCount "63"]
[EventDate "1995.??.??"]
[EventType "team"]
[EventRounds "13"]
[EventCountry "HUN"]
[SourceTitle "EXT 2000"]
[Source "ChessBase"]
[SourceDate "1999.11.16"]
[SourceVersion "1"]
[SourceVersionDate "1999.11.16"]
[SourceQuality "1"]

1. d4 Nf6 2. c4 e6 3. Nf3 c5 4. d5 exd5 5. cxd5 d6 6. Nc3 g6 7. e4 Bg7 8. Nd2 Nbd7 9. Nc4 Nb6 10. Nxb6 Qxb6 11. Be2 0-0 12. 0-0 a6 13. Qc2 Bg4 14. f3 Bd7 15. Be3 Qc7 16. a4 Rfe8 17. a5 b5 18. axb6 Qxb6 19. b4 Qc7 20. bxc5 dxc5 21. Rxa6 Rxa6 22. Bxa6 Nxe4 23. Nxe4 f5 24. Qxc5 Qe5 25. Bd3 fxe4 26. fxe4 Bf5 27. Bf2 Rc8 28. Qa7 Bg4 29. h3 Bf8 30. Bd4 Bc5 31. Qxc5 Qg3 32. Qa7 1-0

[Event "HUN-chT 9697"]
[Site "Hungary"]
[Date "1996.??.??"]
[Round "1"]
[White "Morvay, Miklos"]
[Black "Tamas, Norbert"]
[Result "1/2-1/2"]
[WhiteElo "2255"]
[BlackElo "2155"]
[PlyCount "51"]
[EventDate "1996.??.??"]
[EventType "team"]
[EventRounds "12"]
[EventCountry "HUN"]
[SourceTitle "EXT 2006"]
[Source "ChessBase"]
[SourceDate "2005.11.24"]
[SourceVersion "1"]
[SourceVersionDate "2005.11.24"]
[SourceQuality "1"]
[WhiteTeam "Postas"]
[BlackTeam "Nagykanizsa"]
[WhiteTeamCountry "HUN"]
[BlackTeamCountry "HUN"]

1. e4 c5 2. d4 cxd4 3. c3 dxc3 4. Nxc3 Nc6 5. Nf3 d6 6. Bc4 Nf6 7. e5 dxe5 8. Qxd8+ Kxd8 9. Ng5 Na5 10. Bb3 Nxb3 11. axb3 Ke8 12. 0-0 e6 13. Nb5 Nd5 14. Rd1 Rb8 15. Be3 Bd7 16. Rxd5 exd5 17. Nc7+ Kd8 18. Nxd5 Be6 19. Rd1 Bd6 20. Nxe6+ fxe6 21. Nc3 Kc7 22. Nb5+ Kc6 23. Nxa7+ Kc7 24. Nb5+ Kc6 25. Na7+ Kc7 26. Nb5+ 1/2-1/2

[Event "Cseppko op 05th"]
[Site "Aggtelek"]
[Date "1996.??.??"]
[Round "7"]
[White "Nagy, Kalman"]
[Black "Tamas, Norbert"]
[Result "0-1"]
[WhiteElo "2225"]
[BlackElo "2150"]
[PlyCount "110"]
[EventDate "1996.07.??"]
[EventType "swiss"]
[EventRounds "9"]
[EventCountry "HUN"]
[SourceTitle "EXT 2004"]
[Source "ChessBase"]
[SourceDate "2003.11.25"]
[SourceVersion "1"]
[SourceVersionDate "2003.11.25"]
[SourceQuality "1"]

1. e4 c5 2. Nf3 d6 3. d4 Nf6 4. Nc3 cxd4 5. Nxd4 Nc6 6. Be2 e6 7. 0-0 Be7 8. Be3 0-0 9. f4 a6 10. Bf3 Qc7 11. Qe1 Bd7 12. Rd1 Rac8 13. Kh1 b5 14. a3 Na5 15. Qg3 Nc4 16. Bc1 Nxa3 17. e5 Ne8 18. Ne4 Nc4 19. b3 dxe5 20. fxe5 Nxe5 21. Bf4 f6 22. Bg4 Qb6 23. Bxe5 fxe5 24. Rxf8+ Kxf8 25. Qxe5 Nc7 26. Rf1+ Kg8 27. Nf5 exf5 28. Qxe7 Qe6 29. Qxe6+ Bxe6 30. Bxf5 Bxf5 31. Rxf5 Re8 32. Ng3 Re1+ 33. Rf1 Rxf1+ 34. Nxf1 Kf7 35. Kg1 Ke6 36. Kf2 Ke5 37. Ke2 Nd5 38. g3 Kd4 39. Kd2 a5 40. g4 a4 41. bxa4 bxa4 42. Ng3 a3 43. Ne2+ Kc4 44. Kc1 Nc3 45. Ng3 g6 46. h4 Kd4 47. g5 Ke3 48. h5 Kf2 49. hxg6 hxg6 50. Nf5 gxf5 51. g6 Ne4 52. c4 f4 53. c5 f3 54. g7 Nf6 55. c6 Ke2 0-1